| 000 | 00884nam a2200277 a 4500 | ||
|---|---|---|---|
| 001 | BRCA_8320 | ||
| 005 | 20190320210227.0 | ||
| 008 | 260614s1950----nyua###f##---#001-0#eng-# | ||
| 041 | _aeng | ||
| 044 | _aenk | ||
| 050 | 4 |
_aNK5198.S7 _b.H8 1950 |
|
| 100 | 1 |
_aHunter, Frederick William _920777 |
|
| 245 | 1 | 0 |
_aStiegel Glass _cby Frederick William Hunter ; introduction and notes by Helen McKearin ; illustration by J. B. Keerfoot. |
| 260 |
_aNueva York _bDover _c1950 |
||
| 300 |
_axv, 272 p. _bil. (algunas a color) _c28 cm. |
||
| 500 | _aR13 | ||
| 504 | _aBibliografía p. 263-265 | ||
| 600 | 1 | 4 |
_aStiegel, Henry William _d1729-1785 _920778 |
| 650 | 1 | 4 |
_aCristalería _xHistoria _9686 |
| 650 | 1 | 4 |
_aDecoración y ornamentación _93592 |
| 653 | 0 | _aVidrio | |
| 700 | 1 |
_aMcKearin, Helen _eintr. _92703 |
|
| 700 | 1 |
_aKeerfoot, J. B. _eil. _920779 |
|
| 902 | _aGFM | ||
| 942 |
_2lcc _cB |
||
| 999 |
_c7988 _d7988 |
||